VYUŽITIE PODKLADOV Z POZEMKOVÝCH ÚPRAV NA ZALOŽENIE EVIDENCIE PRÁVNYCH VZŤAHOV K POVODNÝM NEHNUTEĽNOSTIAM

Bibliographic Details
Main Author: Dzúr-Gejdoš, Milan, 1950- (Author)
Format: Article
Language:Slovak
ISBN:8023103059

MARC

LEADER 00000naa a2200000uu 4500
001 vtls011073090
003 SK-MaSNL
005 20260302135049.0
008 210908|1995 xo |||||||||||||||||slo|
015 |a SNBRA 
035 |a (urnnbn)urn:nbn:sk:snk:ar-a0cc6v 
035 |a (uuid)b150dda1-cb77-48cd-95f1-c26b9b89908a 
035 |a urn:nbn:sk:snk-aaviff 
040 |a SNKBUCL  |b slo  |c SNKBUCL  |e AACR2 
041 0 |a slo 
044 |a xo  |c SK 
100 1 |a Dzúr-Gejdoš, Milan,  |d 1950-  |4 aut  |9 221485 
245 1 0 |a VYUŽITIE PODKLADOV Z POZEMKOVÝCH ÚPRAV NA ZALOŽENIE EVIDENCIE PRÁVNYCH VZŤAHOV K POVODNÝM NEHNUTEĽNOSTIAM  |c Milan Dzúr-Gejdoš 
773 0 |t Zborník prednášok  |d Žilina : Dom techniky ZSVTS, 1995  |g S. 100-107  |z 8023103059 
958 |a OND 
958 |a article12 
958 |a chapter 
999 |c 1325721  |d 1327651